00403nam a2200157Ia 4500008004100000082001000041100002000051245002600071260002400097300000800121365000600129520002900135630002600164650002900190730002600219100917s9999 xx 000 0 und d b46960 aJames O. Harvey aThe George Of Shadows bAndre Deutschc1967 a156 b0 aबालविभाग aThe George Of Shadows aबालविभाग aThe George Of Shadows